000
00297 a2200121 4500
020
_a
0170090396
090
_c
4768
_d
4768
100
_a
Alan R Nankervis
245
_a
Readings in Strategic Human Resource Management
260
_a
New South Wales
300
_a
412
942
_a
NBS
_c
BK
_k
658.301 NAN
999
_c
347199
_d
347199